[Event "ch-ROU 2017"]
[Site "masterchessopen.com Calimanesti-Caciulata ROU"]
[Date "2017.04.02"]
[Round "9.9"]
[White "Pisu,R"]
[Black "Costachi,M"]
[Result "0-1"]
[WhiteElo "2229"]
[BlackElo "2460"]

1.d4 Nf6 2.c4 g6 3.Nc3 Bg7 4.e4 d6 5.Nf3 O-O 6.Be2 Na6 7.O-O e5 8.Be3 c6 9.d5
Ng4 10.Bg5 f6 11.Bh4 c5 12.Ne1 h5 13.h3 Nh6 14.a3 Qe7 15.Nd3 Bd7 16.b4 b6
17.Qb3 Rab8 18.b5 Nc7 19.a4 g5 20.Bg3 f5 21.f3 f4 22.Be1 g4 23.fxg4 hxg4
24.hxg4 Nxg4 25.Bxg4 Bxg4 26.Nf2 Bd7 27.Nh3 Bh6 28.Qd1 Qg7 29.Qh5 Bg4 30.Qh4
Qg6 31.a5 Rf7 32.axb6 axb6 33.Nf2 Bd7 34.g4 fxg3 35.Nh3 Be3+ 36.Kg2 Rxf1
37.Kxf1 Bxh3+ 38.Qxh3 g2+ {#R} 0-1

[Event "ch-ROU 2017"]
[Site "masterchessopen.com Calimanesti-Caciulata ROU"]
[Date "2017.04.02"]
[Round "9.10"]
[White "Miron,L"]
[Black "Daianu,C"]
[Result "1-0"]
[WhiteElo "2502"]
[BlackElo "2209"]

1.Nf3 Nf6 2.c4 g6 3.b3 c6 4.Bb2 d5 5.g3 Bg7 6.Bg2 O-O 7.O-O a5 8.d3 Re8 9.Nbd2
a4 10.Bc3 a3 11.Qc1 Bg4 12.h3 Bxf3 13.Nxf3 e6 14.Bb4 Nfd7 15.Rb1 Bb2 16.Qc2 c5
17.Bc3 Bxc3 18.Qxc3 Nc6 19.Ne1 Nb4 20.Qd2 Qf6 21.Nc2 Nxa2 22.d4 cxd4 23.Nxd4
Nb4 24.Nb5 Na6 25.Nxa3 Nc7 26.Qb4 Qe7 27.Qxe7 Rxe7 28.Nc2 Ra2 29.Rfc1 b6
30.Nb4 Rxe2 31.Kf1 {#r} 1-0

[Event "ch-ROU 2017"]
[Site "masterchessopen.com Calimanesti-Caciulata ROU"]
[Date "2017.04.02"]
[Round "9.11"]
[White "Dobre,ClC"]
[Black "Gilea,L"]
[Result "1-0"]
[WhiteElo "2387"]
[BlackElo "2255"]

1.Nf3 d5 2.b3 Bf5 3.Bb2 e6 4.e3 Nf6 5.c4 h6 6.Be2 Be7 7.O-O O-O 8.Nc3 c5
9.cxd5 exd5 10.d4 Nc6 11.Rc1 b6 12.dxc5 bxc5 13.Na4 Ne4 14.Nd2 Ng5 15.Nxc5 Qa5
16.Bd3 Bc8 17.Na4 Nb4 18.Bc3 Qd8 19.Bxb4 Bxb4 20.Nf3 Ba3 21.Rc2 Ne4 22.Nc3
Nxc3 23.Rxc3 Bb4 24.Rc2 Bg4 25.h3 Bh5 26.g4 Bg6 27.Ne5 Qg5 28.f4 Qd8 29.Bxg6
fxg6 30.Nxg6 Re8 31.Ne5 Bf8 32.Qf3 Qa5 33.Rd1 d4 34.Rxd4 Qe1+ 35.Kg2 Rad8
36.Qe2 Qb1 37.Qc4+ Kh7 38.Qd3+ Kg8 39.Re2 Qxd3 40.Rxd3 {#r} 1-0

[Event "ch-ROU 2017"]
[Site "masterchessopen.com Calimanesti-Caciulata ROU"]
[Date "2017.04.02"]
[Round "9.12"]
[White "Posedaru,B"]
[Black "Chima,R"]
[Result "0-1"]
[WhiteElo "2338"]
[BlackElo "2141"]

1.d4 Nf6 2.c4 e6 3.Nc3 Bb4 4.Qc2 d5 5.cxd5 exd5 6.Bg5 O-O 7.e3 Be6 8.Nf3 Nbd7
9.Bd3 h6 10.Bh4 c6 11.O-O Re8 12.a3 Be7 13.b4 a5 14.b5 c5 15.Bf5 Rc8 16.Bxe6
fxe6 17.Rfc1 cxd4 18.exd4 Ne4 19.Bxe7 Qxe7 20.Qd3 Ndf6 21.Ne5 Nxc3 22.Rxc3 Ne4
23.Rc2 Qg5 24.g3 Rf8 25.Rf1 Qf5 26.g4 Qf4 27.h3 Rxc2 28.Qxc2 Nd2 {#R} 0-1

[Event "ch-ROU 2017"]
[Site "masterchessopen.com Calimanesti-Caciulata ROU"]
[Date "2017.04.02"]
[Round "9.14"]
[White "Talu,Mircea"]
[Black "Vrencian,Lehel"]
[Result "0-1"]
[WhiteElo "2091"]
[BlackElo "2296"]

1.d4 Nf6 2.c4 e6 3.Nc3 Bb4 4.f3 c5 5.a3 Bxc3+ 6.bxc3 O-O 7.e4 d6 8.d5 Re8
9.Be2 exd5 10.cxd5 Nh5 11.Be3 f5 12.Qd3 fxe4 13.fxe4 Qh4+ 14.Kd1 Nf6 15.Bf3
Nxe4 16.g3 Qe7 17.Bxe4 Qxe4 18.Qxe4 Rxe4 19.Bf4 Bg4+ 20.Kd2 Na6 21.h3 Bh5
22.Rh2 Rd8 23.Rf2 Nc7 24.Raf1 Nxd5 25.Bg5 Rde8 26.g4 Bg6 27.Nf3 h6 28.Nh4 Bh7
29.Nf5 Bxf5 30.Rxf5 Re2+ 31.Kd3 c4+ 32.Kd4 {#R} 0-1

[Event "ch-ROU w 2017"]
[Site "masterchessopen.com Calimanesti-Caciulata ROU"]
[Date "2017.04.02"]
[Round "9.2"]
[White "Bogdan,El"]
[Black "Bulmaga,I"]
[Result "0-1"]
[WhiteElo "1763"]
[BlackElo "2388"]

1.Nf3 Nf6 2.g3 g6 3.Bg2 Bg7 4.O-O O-O 5.d3 d6 6.Nbd2 c5 7.e4 Nc6 8.c3 e5 9.Qc2
Re8 10.Re1 h6 11.Nc4 Be6 12.Nfd2 d5 13.Ne3 d4 14.Nd1 Qd7 15.f3 b5 16.Nf2 Rac8
17.Nb3 Bf8 18.Bd2 c4 19.Nc1 Kh7 20.Bf1 Bc5 21.Kg2 Red8 22.dxc4 dxc3 23.Bxc3
Bxf2 24.Qxf2 b4 25.Bxe5 Nxe5 26.b3 Bh3+ 27.Kh1 Bxf1 28.Rxf1 a5 29.Ne2 a4
30.Rfd1 Qxd1+ 31.Rxd1 Rxd1+ 32.Kg2 axb3 33.axb3 Rd2 34.Qe3 Rcd8 35.Kh3 Kg7
36.Nf4 Rxh2+ {#R} 0-1

[Event "World Amateur U2300"]
[Site "masterchessopen.com Spoleto ITA"]
[Date "2017.04.02"]
[Round "2.2"]
[White "Gunbayar,M"]
[Black "Caprino,M"]
[Result "1-0"]
[WhiteElo "2278"]
[BlackElo "2186"]
[EventType "swiss"]

1.e4 c5 2.Nf3 g6 3.d4 cxd4 4.Nxd4 Bg7 5.c3 Nc6 6.Be3 Nf6 7.Nd2 O-O 8.Be2 d5
9.Nxc6 bxc6 10.e5 Nd7 11.f4 f6 12.exf6 Bxf6 13.O-O e6 14.Bf3 Qc7 15.Nb3 Qd6
16.Qd2 a5 17.Qf2 a4 18.Nd4 Ba6 19.Rfd1 Kh8 20.Bg4 Rae8 21.Re1 e5 22.Bxd7 Qxd7
23.fxe5 Bxe5 24.Nf3 Bg7 25.Bc5 Rf4 26.Rxe8+ Qxe8 27.Re1 Re4 28.Bd4 Bxd4
29.Qxd4+ Kg8 30.Rxe4 dxe4 31.Ng5 e3 32.Qa7 e2 33.Qxh7+ Kf8 34.Qh8+ Ke7 35.Qe5+
Kd7 36.Qxe8+ Kxe8 37.Kf2 Ke7 38.Ne4 Bc4 39.a3 Bd5 40.Ng3 Bxg2 41.Nxe2 Bh3
42.Ke3 Kd6 43.Kd4 c5+ 44.Ke3 Ke5 45.c4 g5 46.Nc3 Bd7 47.Ne4 g4 48.Nxc5 Be8
49.Nd3+ {#r} 1-0

[Event "World Amateur U2300"]
[Site "masterchessopen.com Spoleto ITA"]
[Date "2017.04.02"]
[Round "2.4"]
[White "Pahomov,Ruslan"]
[Black "Karmov,M"]
[Result "1-0"]
[WhiteElo "2256"]
[BlackElo "2135"]
[EventType "swiss"]

1.c4 c5 2.Nf3 Nc6 3.Nc3 g6 4.g3 Bg7 5.Bg2 a6 6.O-O Rb8 7.a4 Nf6 8.d4 cxd4
9.Nxd4 Nxd4 10.Qxd4 d6 11.Be3 O-O 12.Qd2 Ng4 13.Ba7 Ra8 14.Bd4 Bh6 15.f4 e5
16.Bf2 Nxf2 17.Rxf2 Rb8 18.e3 exf4 19.exf4 Be6 20.Bd5 Bg7 21.Bxe6 fxe6 22.Re1
Qb6 23.Rxe6 Bd4 24.Ne4 Bxf2+ 25.Qxf2 Qxf2+ 26.Kxf2 b5 27.cxb5 axb5 28.a5 d5
29.Nc5 Kf7 30.Re5 Rfe8 31.Ke3 d4+ 32.Kxd4 Rbd8+ 33.Kc3 Rxe5 34.fxe5 Rd5 35.Kb4
Rxe5 36.Kxb5 Ke7 37.Kc6 Re2 38.b4 Rxh2 39.a6 Ra2 40.b5 {#r} 1-0

[Event "World Amateur U2300"]
[Site "masterchessopen.com Spoleto ITA"]
[Date "2017.04.02"]
[Round "2.7"]
[White "Bognar,C"]
[Black "Win,T"]
[Result "0-1"]
[WhiteElo "2166"]
[BlackElo "2230"]
[EventType "swiss"]

1.d4 Nf6 2.c4 g6 3.Nc3 d5 4.cxd5 Nxd5 5.e4 Nxc3 6.bxc3 c5 7.Be3 Bg7 8.Bc4 O-O
9.Ne2 Nc6 10.O-O Bg4 11.f3 cxd4 12.cxd4 Na5 13.Bd3 Be6 14.Qd2 Nc4 15.Bxc4 Bxc4
16.Rfd1 Qd7 17.Rac1 Rfc8 18.Rc2 b5 19.d5 Bxe2 20.Qxe2 Rxc2 21.Qxc2 Rc8 22.Qd2
Bc3 23.Qd3 a5 24.d6 Qxd6 25.Qxd6 exd6 26.Rxd6 a4 27.Rb6 b4 28.Kf1 Ra8 29.Ke2
b3 30.a3 Bb2 31.Bc5 Rc8 32.Rb5 Bg7 33.f4 b2 34.Be3 Rc2+ 35.Kd1 Rc3 36.Rb8+ Bf8
{#R} 0-1

[Event "World Amateur U2300"]
[Site "masterchessopen.com Spoleto ITA"]
[Date "2017.04.02"]
[Round "2.8"]
[White "Grinev,B"]
[Black "Ugrenovic,B"]
[Result "0-1"]
[WhiteElo "2129"]
[BlackElo "2225"]
[EventType "swiss"]

1.d4 Nf6 2.Bf4 c5 3.d5 b5 4.a4 b4 5.c4 bxc3 6.Nxc3 d6 7.e4 Nbd7 8.Nf3 g6 9.Bb5
Bg7 10.O-O O-O 11.Qe2 Rb8 12.Ra2 Ng4 13.Nd2 Ngf6 14.Kh1 Ne8 15.Nc4 Nb6 16.Na5
Bb7 17.Nxb7 Rxb7 18.Bc6 Rb8 19.Qa6 Nc8 20.a5 Rb4 21.Bd2 Nc7 22.Qe2 a6 23.Na4
Rb8 24.Nc3 Na7 25.Ba4 Nab5 26.Nxb5 Nxb5 27.b3 Qc7 28.Rc1 Qb7 29.Qc4 f5 30.f3
Nd4 31.b4 cxb4 32.Bc6 Qc8 33.Bxb4 fxe4 34.Bc3 Nb3 35.Re1 Nc5 36.Bxg7 Kxg7
37.Qd4+ Kg8 38.fxe4 Qg4 39.h3 Qg3 40.Qe3 Rf1+ {#R} 0-1

[Event "World Amateur U2300"]
[Site "masterchessopen.com Spoleto ITA"]
[Date "2017.04.02"]
[Round "2.10"]
[White "Maddens,M"]
[Black "Quinzio,M"]
[Result "1-0"]
[WhiteElo "2206"]
[BlackElo "2013"]
[EventType "swiss"]

1.e4 e5 2.f4 exf4 3.Bc4 Nf6 4.Nc3 Bb4 5.Nge2 Qe7 6.d3 d5 7.exd5 Bg4 8.Bxf4 Nh5
9.Rf1 O-O 10.d4 Nxf4 11.Rxf4 Qg5 12.Rf2 Nd7 13.Qd2 Qxd2+ 14.Kxd2 Nb6 15.Bb3
Bxe2 16.Rxe2 a5 17.a3 Bd6 18.g3 Rad8 19.Rae1 Rd7 20.Kc1 c5 21.dxc5 Bxc5 22.Ne4
Bd6 23.c4 Bb8 24.c5 Nxd5 25.Rd2 Rfd8 26.Red1 Kf8 27.Rxd5 {#r} 1-0

[Event "World Amateur U2300"]
[Site "masterchessopen.com Spoleto ITA"]
[Date "2017.04.02"]
[Round "2.13"]
[White "Ouazri,Anass"]
[Black "Pogosyan,Stefan"]
[Result "0-1"]
[WhiteElo "2135"]
[BlackElo "2387"]
[EventType "swiss"]

1.e4 e5 2.Nf3 Nc6 3.Bb5 a6 4.Ba4 Nf6 5.d3 b5 6.Bb3 Be7 7.O-O d6 8.c3 O-O 9.Re1
Na5 10.Bc2 c5 11.Nbd2 Re8 12.Nf1 Bf8 13.Ng3 g6 14.Be3 Bg7 15.h3 Bb7 16.Qd2 Qc7
17.Bh6 d5 18.Bxg7 Kxg7 19.Nh4 Ng8 20.b3 dxe4 21.dxe4 Qd8 22.Qxd8 Raxd8 23.Rad1
Ne7 24.Nf3 Nac6 25.a3 Bc8 26.Nf1 f6 27.Ne3 Be6 28.Rxd8 Rxd8 29.Rd1 Rxd1+
30.Bxd1 f5 31.Bc2 Kf6 32.b4 c4 33.Nd2 h5 34.f3 f4 35.Nd1 g5 36.Nf2 Ng8 37.Bd1
Nh6 38.Kf1 Ne7 39.Kg1 Kg6 40.Nf1 Nhg8 41.Nh2 Nf6 42.Be2 Bd7 43.Bd1 Bc6 44.Be2
{#R} 0-1

[Event "World Amateur U2300"]
[Site "masterchessopen.com Spoleto ITA"]
[Date "2017.04.02"]
[Round "2.14"]
[White "Zaika,Daniil"]
[Black "Gutierrez,Re"]
[Result "0-1"]
[WhiteElo "2128"]
[BlackElo "2282"]
[EventType "swiss"]

1.d4 d5 2.Nf3 e6 3.Bf4 c5 4.e3 Nc6 5.c3 Nf6 6.Nbd2 Bd6 7.Bg3 O-O 8.Bb5 a6
9.Bxc6 bxc6 10.Qa4 Rb8 11.Bxd6 Qxd6 12.Qa3 Nd7 13.Nb3 Rb5 14.O-O Qc7 15.dxc5
e5 16.Rfc1 e4 17.Nfd4 Ne5 18.Nxb5 axb5 19.Qa5 Qe7 20.Nd4 f5 21.Qb6 Qf6 22.Qc7
f4 23.Qd6 Qg5 24.h4 Qh5 25.Nxc6 Nxc6 26.Qxc6 f3 27.Qd6 fxg2 28.Rc2 Qxh4 29.Qh2
Bh3 30.a4 bxa4 31.Rxa4 Qh5 32.Rc1 h6 33.c6 Qf3 34.b4 Qxe3 35.c7 Qf3 36.Qe5
{#R} 0-1

[Event "World Amateur U2300"]
[Site "masterchessopen.com Spoleto ITA"]
[Date "2017.04.02"]
[Round "2.16"]
[White "Itgelt,Khuyagtsogt"]
[Black "Sahil,Tic"]
[Result "1-0"]
[WhiteElo "2099"]
[BlackElo "2222"]
[EventType "swiss"]

1.d4 d5 2.c4 e6 3.Nc3 Nf6 4.cxd5 exd5 5.Bg5 c6 6.e3 Be7 7.Bd3 Nbd7 8.Qc2 h6
9.Bf4 Nh5 10.Be5 Nxe5 11.dxe5 O-O 12.Be2 g6 13.Bxh5 gxh5 14.Nge2 Qd7 15.Nf4
Qg4 16.Qe2 h4 17.O-O-O Qg5 18.Nd3 Bf5 19.f4 Qg6 20.Nf2 Rfd8 21.g4 hxg3 22.hxg3
Qe6 23.g4 Bh7 24.Rh5 Bf8 25.Rdh1 d4 26.exd4 Rxd4 27.f5 Qc4 28.Qe3 Rad8 29.Rxh6
Bxh6 30.Qxh6 Rxg4 31.Nxg4 Qxg4 32.Qxh7+ Kf8 33.Qh8+ {#r} 1-0

[Event "World Amateur U2300"]
[Site "masterchessopen.com Spoleto ITA"]
[Date "2017.04.02"]
[Round "2.17"]
[White "Nannelli,P"]
[Black "De Weird,Matthias"]
[Result "1-0"]
[WhiteElo "2189"]
[BlackElo "1952"]
[EventType "swiss"]

1.c4 d6 2.d4 g6 3.e4 Bg7 4.Nc3 Nc6 5.Be3 f5 6.exf5 Bxf5 7.h3 e5 8.Nf3 exd4
9.Nxd4 Nge7 10.Be2 O-O 11.O-O Qd7 12.Rc1 Rae8 13.Re1 Nxd4 14.Bxd4 Bxd4 15.Qxd4
Nc6 16.Qd2 Qf7 17.Bf1 Ne5 18.b3 Bxh3 19.Rxe5 Rxe5 20.gxh3 Rfe8 21.Nd5 c6
22.Ne3 Qf4 23.Rd1 R8e6 24.Bg2 Qg5 25.Qd4 b5 26.cxb5 cxb5 27.Rc1 {#r} 1-0

[Event "World Amateur U2300"]
[Site "masterchessopen.com Spoleto ITA"]
[Date "2017.04.02"]
[Round "2.20"]
[White "Herrmann,Roman"]
[Black "Cech,D"]
[Result "0-1"]
[WhiteElo "2010"]
[BlackElo "2172"]
[EventType "swiss"]

1.c4 Nf6 2.Nc3 g6 3.g3 Bg7 4.Bg2 O-O 5.Nf3 d6 6.O-O a6 7.d3 e5 8.Rb1 h6 9.b4
Nh5 10.Qc2 c6 11.a4 Be6 12.e4 Qc7 13.Bb2 Nd7 14.Ne2 f5 15.exf5 gxf5 16.Qd2 a5
17.Rfd1 axb4 18.Qxb4 Nc5 19.Nc3 f4 20.d4 Na6 21.Qb3 fxg3 22.fxg3 exd4 23.Nxd4
Bg4 24.Rd2 Qe7 25.Ne4 Nf6 26.Re1 Nxe4 27.Rxe4 Qg5 28.Qe3 Qxe3+ 29.Rxe3 Nc5
30.h3 Bd7 31.Re7 Bf6 32.Ree2 Rxa4 33.Rc2 Nd3 34.Red2 Nxb2 35.Rxb2 Rxc4 {#R}
0-1

[Event "World Amateur U2300"]
[Site "masterchessopen.com Spoleto ITA"]
[Date "2017.04.02"]
[Round "2.22"]
[White "Marmili,G"]
[Black "Conti,J"]
[Result "1-0"]
[WhiteElo "2190"]
[BlackElo "2037"]
[EventType "swiss"]

1.Nf3 Nf6 2.c4 c5 3.g3 g6 4.b3 Bg7 5.Bb2 O-O 6.Bg2 Nc6 7.O-O d6 8.d4 cxd4
9.Nxd4 Bd7 10.Nc3 Nxd4 11.Qxd4 Bc6 12.Nd5 Ne8 13.Qd2 Nc7 14.Bxg7 Kxg7 15.Rac1
a5 16.Rfd1 Na6 17.Qb2+ Kg8 18.a3 Bxd5 19.Bxd5 Qb6 20.h4 Nc5 21.Rb1 e5 22.h5
Kg7 23.Qc3 f5 24.e3 g5 25.Kg2 g4 26.b4 axb4 27.axb4 Nd7 28.Be6 Qc6+ 29.Kg1
Rae8 30.Bxd7 Qxd7 31.Rd5 Qc7 32.Rbd1 Rd8 33.c5 dxc5 34.Rxd8 Rxd8 35.Rxd8 Qxd8
36.Qxe5+ Kh6 37.Qf4+ Kg7 38.bxc5 Qd1+ 39.Kh2 Qf3 40.Qxf3 gxf3 41.g4 Kf6 42.Kg3
fxg4 43.Kxg4 Ke5 44.Kxf3 Kd5 45.Ke2 Kxc5 46.Kd3 Kd5 47.f4 Ke6 48.e4 Kf6 49.e5+
{#r} 1-0

[Event "World Amateur U2300"]
[Site "masterchessopen.com Spoleto ITA"]
[Date "2017.04.02"]
[Round "2.23"]
[White "Dudin,Gleb"]
[Black "Fiori,H"]
[Result "1-0"]
[WhiteElo "2031"]
[BlackElo "2158"]
[EventType "swiss"]

1.Nf3 f5 2.d4 Nf6 3.c4 g6 4.Nc3 Bg7 5.e3 d6 6.b4 O-O 7.Qb3 c6 8.Bb2 d5 9.Be2
e6 10.O-O Nbd7 11.b5 Nb6 12.Ne5 Ng4 13.Nxg4 fxg4 14.c5 Nd7 15.Bxg4 Nf6 16.Bf3
Bd7 17.Rad1 Qe7 18.Bc1 h5 19.e4 Nh7 20.bxc6 bxc6 21.exd5 Rxf3 22.gxf3 exd5
23.Nxd5 Qf7 24.Nf4 Qxb3 25.axb3 Bf5 26.Be3 h4 27.Kg2 Ng5 28.Ra1 h3+ 29.Kg3 Bf6
30.Ra6 Nf7 31.Rxc6 Kg7 32.Nxh3 Rh8 33.Ng1 Bd8 34.d5 Rh5 35.Ra1 Bd7 36.Rxa7
Rxd5 37.Rd6 Nxd6 38.Rxd7+ {#r} 1-0

[Event "World Amateur U2300"]
[Site "masterchessopen.com Spoleto ITA"]
[Date "2017.04.02"]
[Round "2.25"]
[White "Lujan,Nelson"]
[Black "Guerrero Fuentes,C"]
[Result "0-1"]
[WhiteElo "2012"]
[BlackElo "2073"]
[EventType "swiss"]

1.e4 g6 2.Nf3 Bg7 3.Bc4 c5 4.c3 Nf6 5.e5 Ng4 6.Bxf7+ Kxf7 7.Ng5+ Ke8 8.Qxg4
Bxe5 9.d4 cxd4 10.cxd4 Bf6 11.h4 Nc6 12.Be3 d6 13.Qd1 Qb6 14.Nc3 Bxd4 15.Bxd4
Qxd4 16.Qxd4 Nxd4 17.O-O-O Nc6 18.Rhe1 h6 19.Ne6 Bxe6 20.Rxe6 Kf7 21.Rde1 Ne5
22.R1xe5 dxe5 23.Rxe5 Rhd8 24.h5 g5 25.Rf5+ Ke6 26.Rf3 Rd4 27.g3 Rc8 28.Kc2
Rc5 29.Kb3 g4 30.Rf8 Rxh5 31.Ne2 Rb5+ 32.Kc3 Rd6 33.Nd4+ Rxd4 34.Kxd4 Rxb2
35.Ke3 Rxa2 36.Rh8 Ra3+ 37.Ke2 Kd5 38.Rxh6 b5 39.Rg6 Ra5 40.Rg5+ e5 41.Rg7
{#R} 0-1

[Event "World Amateur U2300"]
[Site "masterchessopen.com Spoleto ITA"]
[Date "2017.04.02"]
[Round "2.27"]
[White "Menichelli,A"]
[Black "Nicolo,F"]
[Result "1-0"]
[WhiteElo "1998"]
[BlackElo "2064"]
[EventType "swiss"]

1.d4 f5 2.c4 Nf6 3.Nc3 e6 4.g3 d6 5.Bg2 Be7 6.Nf3 O-O 7.O-O a5 8.Qc2 Nc6 9.e4
fxe4 10.Nxe4 e5 11.dxe5 dxe5 12.Rd1 Qe8 13.Be3 Qh5 14.Nxf6+ Bxf6 15.Nd2 Bg4
16.Re1 Rad8 17.Ne4 Be7 18.Nc5 Nb4 19.Qb3 b6 20.Ne4 Kh8 21.c5 Nd3 22.Rf1 bxc5
23.Qb5 Be2 24.Qxa5 Bxf1 25.Rxf1 Bd6 26.Qb5 Nb4 27.Nxc5 Rb8 28.Qc4 Qf7 29.Qg4
Rfd8 30.a3 Nd5 31.Ne6 Nxe3 32.fxe3 Qe7 33.Nxd8 Rxd8 34.b4 g6 35.h4 {#r} 1-0

[Event "World Amateur U2300"]
[Site "masterchessopen.com Spoleto ITA"]
[Date "2017.04.02"]
[Round "2.29"]
[White "Taksrud,V"]
[Black "Hewson,Brian W R"]
[Result "1-0"]
[WhiteElo "1930"]
[BlackElo "2060"]
[EventType "swiss"]

1.d4 Nf6 2.Nf3 e6 3.g3 b6 4.Bg2 Bb7 5.O-O c5 6.c3 Be7 7.Nbd2 O-O 8.Re1 d5 9.a4
cxd4 10.Nxd4 Nc6 11.N2f3 Nxd4 12.Nxd4 Re8 13.a5 bxa5 14.Qa4 Bc5 15.Nb3 Bb6
16.Nxa5 Rb8 17.Bg5 Ba8 18.Red1 h6 19.Bc1 Rc8 20.h3 Qc7 21.Nb3 Qxg3 22.Nd4 Qb8
23.Rd3 Rc4 24.Qd1 Ne4 25.Bxe4 dxe4 26.Rg3 Kh7 27.Be3 Bc7 28.Rg2 f5 29.Nxf5 Rd8
30.Rxg7+ Kh8 31.Rd7 Rg8+ 32.Kh1 exf5 33.Bd4+ Be5 34.Raxa7 Rg6 35.Rd8+ {#r} 1-0

[Event "World Amateur U2300"]
[Site "masterchessopen.com Spoleto ITA"]
[Date "2017.04.02"]
[Round "2.31"]
[White "Grapsa,G"]
[Black "Akeya-Price,Robert"]
[Result "1-0"]
[WhiteElo "2049"]
[BlackElo "1706"]
[EventType "swiss"]

1.d4 Nf6 2.c4 e6 3.g3 d5 4.Nf3 Bb4+ 5.Bd2 Be7 6.Bg2 O-O 7.Qc2 Nbd7 8.O-O c6
9.Rc1 a5 10.Bf4 Nh5 11.Bd2 Nhf6 12.b3 Ne4 13.Be3 b5 14.cxd5 cxd5 15.Ne5 Ndf6
16.Nc6 Qd7 17.f3 Nd6 18.Nxe7+ Qxe7 19.Nc3 Bd7 20.a4 Rfc8 21.Qd2 b4 22.Nd1 Nb7
23.Nf2 Ne8 24.Nd3 f6 25.Bf2 Rc6 26.e4 Rac8 27.exd5 exd5 28.Nc5 Nxc5 29.dxc5
Qf7 30.f4 Nc7 31.Bf3 Bf5 32.Re1 Be4 33.Bxe4 dxe4 34.Rxe4 Qxb3 35.Qd7 Ne6
36.Rae1 Nf8 37.Qa7 Qxa4 38.Re7 Qa2 39.Rxg7+ Kh8 40.Ree7 Qb1+ 41.Kg2 Qc2 42.g4
Rxc5 43.f5 Ne6 44.Rxh7+ Kg8 45.Reg7+ Nxg7 46.Qxg7# 1-0

[Event "World Amateur U2300"]
[Site "masterchessopen.com Spoleto ITA"]
[Date "2017.04.02"]
[Round "3.1"]
[White "Ugrenovic,B"]
[Black "Gunbayar,M"]
[Result "1-0"]
[WhiteElo "2225"]
[BlackElo "2278"]
[EventType "swiss"]

1.Nf3 d5 2.g3 g6 3.c4 c6 4.Bg2 Bg7 5.O-O Nf6 6.Qc2 O-O 7.b3 Re8 8.Bb2 Nbd7
9.Ne5 Nxe5 10.Bxe5 Nh5 11.Bxg7 Nxg7 12.cxd5 cxd5 13.Nc3 Bf5 14.Qb2 e6 15.Rac1
Rc8 16.d3 g5 17.e4 dxe4 18.dxe4 Bg6 19.e5 Qa5 20.Rfe1 Rc7 21.b4 Qa6 22.Nd5
Rxc1 23.Nf6+ Kh8 24.Qxc1 Rd8 25.Qxg5 Qb6 26.a3 Nf5 27.h4 h6 28.Qf4 Rd4 29.Re4
Rd1+ 30.Kh2 h5 31.Rc4 Rd8 32.Be4 Kg7 33.Kg2 a5 34.Qg5 Rh8 35.g4 hxg4 36.h5 g3
37.Rc2 Qd4 38.Bxf5 Qxe5 39.h6+ {#r} 1-0

[Event "World Amateur U2300"]
[Site "masterchessopen.com Spoleto ITA"]
[Date "2017.04.02"]
[Round "3.3"]
[White "Win,T"]
[Black "Skreno,V"]
[Result "0-1"]
[WhiteElo "2230"]
[BlackElo "2223"]
[EventType "swiss"]

1.e4 c5 2.Nc3 Nc6 3.g3 g6 4.Bg2 Bg7 5.Nge2 d6 6.d3 e6 7.h4 h5 8.Be3 Nd4 9.Qd2
Nxe2 10.Qxe2 Ne7 11.O-O Rb8 12.Rae1 Qa5 13.Bd2 Qb6 14.Bg5 Qxb2 15.Bxe7 Kxe7
16.Nd5+ Kf8 17.Rb1 Qxa2 18.Ne3 Bd4 19.Nc4 Qa6 20.Qd2 b5 21.Qf4 Rb6 22.Nxb6
Qxb6 23.Rfc1 Bc3 24.Rb3 b4 25.Rcb1 Be5 26.Qe3 Qc7 27.Kh2 a5 28.Rd1 Bd4 29.Qd2
a4 30.Rbb1 Bc3 31.Qe3 Bd4 32.Qd2 Bd7 33.f4 a3 34.Rf1 Bc3 35.Qe2 Kg7 36.Bh3 a2
37.Rbd1 Qa7 38.Ra1 Qa3 {#R} 0-1

[Event "World Amateur U2300"]
[Site "masterchessopen.com Spoleto ITA"]
[Date "2017.04.02"]
[Round "3.5"]
[White "Hurtado Bahamonde,R"]
[Black "Zhunussov,B"]
[Result "0-1"]
[WhiteElo "2133"]
[BlackElo "2306"]
[EventType "swiss"]

1.e4 c5 2.Nf3 g6 3.d4 Bg7 4.Nc3 Nc6 5.Be3 Qa5 6.Qd2 Nf6 7.d5 Nb4 8.e5 Ng4
9.Bf4 f6 10.exf6 Nxf6 11.Bc4 b5 12.Nxb5 Nxc2+ 13.Kd1 Qxd2+ 14.Kxd2 Nxa1
15.Nc7+ Kd8 16.Nxa8 Bb7 17.Ng5 Kc8 18.Rxa1 Bxa8 19.Ba6+ Bb7 20.Bxb7+ Kxb7
21.d6 exd6 22.Re1 Kc6 23.Re7 Bh6 24.h4 Nd5 25.Rf7 Nxf4 26.Rxf4 Bg7 27.b3 h6
28.Rf7 hxg5 29.Rxg7 gxh4 30.Rxg6 h3 31.gxh3 Rxh3 32.Rf6 a5 33.Rf4 d5 34.Kc2 d4
35.a4 d6 36.Rf8 Kd5 37.f3 Rh2+ 38.Kd3 Rb2 39.Rb8 Ke5 40.Rb7 Kf4 41.Rb6 Kxf3
42.Rxd6 Rxb3+ 43.Kc4 Rc3+ 44.Kb5 Ke2 {#R} 0-1

[Event "World Amateur U2300"]
[Site "masterchessopen.com Spoleto ITA"]
[Date "2017.04.02"]
[Round "3.6"]
[White "Gutierrez,Re"]
[Black "Nannelli,P"]
[Result "1-0"]
[WhiteElo "2282"]
[BlackElo "2189"]
[EventType "swiss"]

1.d4 e6 2.c4 d5 3.Nf3 Nf6 4.Nc3 Be7 5.Bf4 O-O 6.e3 b6 7.cxd5 Nxd5 8.Nxd5 exd5
9.Bd3 c5 10.O-O Nc6 11.Bb5 Bb7 12.Qa4 Qc8 13.dxc5 bxc5 14.Rfd1 a6 15.Be2 Nd8
16.Rac1 Ne6 17.Bg3 a5 18.b3 Bf6 19.Bb5 Rd8 20.Ne5 Bxe5 21.Bxe5 f6 22.Bg3 Kh8
23.h4 d4 24.f3 dxe3 25.Bd7 e2 26.Rd2 Bc6 27.Bxc8 Bxa4 28.Rxd8+ Nxd8 29.Rxc5
Bc6 30.Bf5 Ra7 31.Be1 a4 32.b4 g6 33.Bd3 Rd7 34.Bxe2 Bd5 35.Bb5 {#r} 1-0

[Event "World Amateur U2300"]
[Site "masterchessopen.com Spoleto ITA"]
[Date "2017.04.02"]
[Round "3.7"]
[White "AlHuwar,J"]
[Black "Kanep,S"]
[Result "1-0"]
[WhiteElo "2260"]
[BlackElo "2173"]
[EventType "swiss"]

1.Nf3 d5 2.g3 Nc6 3.d4 Bf5 4.Bg2 Qd7 5.c4 dxc4 6.d5 Nb4 7.Nd4 e5 8.Nxf5 Qxf5
9.O-O Nf6 10.a3 Na6 11.Qa4+ Qd7 12.Qxc4 Bd6 13.Bg5 Nc5 14.b4 Na4 15.Nd2 Nb6
16.Qb3 Qf5 17.h4 h6 18.e4 Qg6 19.Be3 O-O 20.Rac1 Rfd8 21.Rfd1 Nfd7 22.Qc3 a5
23.bxa5 Na4 24.Qb3 Rxa5 25.Qxb7 Nac5 26.Qb1 Rxa3 27.Nc4 Rb3 28.Qc2 Rdb8 29.Rb1
Qg4 30.Rxb3 Rxb3 31.Ra1 Rb8 32.Kh2 Qg6 33.Bh3 Nf6 34.Bxc5 Bxc5 35.Nxe5 Qh5
36.Nc6 {#r} 1-0

[Event "World Amateur U2300"]
[Site "masterchessopen.com Spoleto ITA"]
[Date "2017.04.02"]
[Round "3.8"]
[White "Cmiel,T"]
[Black "Bigabylov"]
[Result "0-1"]
[WhiteElo "2234"]
[BlackElo "2186"]
[EventType "swiss"]

1.Nf3 Nf6 2.c4 g6 3.Nc3 Bg7 4.g3 O-O 5.Bg2 c5 6.O-O d5 7.cxd5 Nxd5 8.Ng5 e6
9.Nxd5 exd5 10.Nh3 Bxh3 11.Bxh3 Nc6 12.d3 Qe7 13.e3 Rfd8 14.a3 b5 15.Bg2 Qd6
16.Rb1 a5 17.g4 Rac8 18.f4 d4 19.e4 c4 20.e5 Qc5 21.Be4 b4 22.Qf3 c3 23.b3 c2
24.Rb2 bxa3 25.Ra2 Qc3 26.Rxa3 Nb4 27.f5 Bxe5 28.fxg6 fxg6 29.Qf7+ Kh8 30.Rxa5
Qc7 31.Ra7 Qxf7 32.Rfxf7 Kg8 33.Rxh7 Na2 34.Rxa2 Kxh7 35.Ra7+ Rc7 36.Ra6 Rd6
37.Ra5 Re6 38.h4 Kg7 39.b4 Bg3 40.h5 gxh5 41.gxh5 Bh4 42.b5 Rf6 43.Ra6 Bf2+
44.Kg2 Be3 45.b6 {#R} 0-1

[Event "World Amateur U2300"]
[Site "masterchessopen.com Spoleto ITA"]
[Date "2017.04.02"]
[Round "3.9"]
[White "Verrascina,R"]
[Black "Ghannoum,M"]
[Result "0-1"]
[WhiteElo "2190"]
[BlackElo "2234"]
[EventType "swiss"]

1.d4 d5 2.Bg5 f6 3.Bf4 Nc6 4.Nf3 g5 5.Bg3 g4 6.Nh4 e5 7.e3 Be6 8.Be2 Qd7 9.c3
O-O-O 10.O-O Bd6 11.b4 Nh6 12.Nd2 Ne7 13.Nb3 Nef5 14.Nc5 Bxc5 15.bxc5 Nxg3
16.hxg3 Nf5 17.Nxf5 Bxf5 18.a4 h5 19.Ra2 h4 20.Rb2 h3 21.Qb3 b6 22.Qb5 hxg2
23.Qxd7+ Rxd7 24.Kxg2 Rdh7 25.Rg1 bxc5 26.dxc5 Kd7 27.Rb4 Be4+ 28.Kf1 f5
29.Bb5+ Ke7 30.Ke1 a5 31.Rb2 Rb8 32.Rd2 Bf3 33.c6 Rbh8 34.Rb2 Rh2 35.Rf1 Kd6
36.Kd2 Kc5 37.Kc2 Rh1 38.Rxh1 Rxh1 39.Kb3 Re1 40.Rd2 Be4 41.Kb2 Rb1+ 42.Ka2
Re1 43.Kb2 Bg2 44.f4 gxf3 {#R} 0-1